Testimonies for the Church. (Registro nro. 60016)

Detalles MARC
000 -LEADER
campo de control de longitud fija 05732cam a22008654i 4500
003 - IDENTIFICADOR DE NÚMERO DE CONTROL
campo de control PE-LiUPU
005 - FECHA Y HORA DE LA ÚLTIMA TRANSACCIÓN
campo de control 20250731173528.0
008 - DATOS DE LONGITUD FIJA--INFORMACIÓN GENERAL
campo de control de longitud fija 150616s1948 idu r 000 0 eng d
035 ## - NÚMERO DE CONTROL DEL SISTEMA
Número de control de sistema (Sirsi) a8649
040 ## - FUENTE DE CATALOGACIÓN
Centro catalogador/agencia de origen PE-LiUPU
Lengua de catalogación spa
Centro/agencia transcriptor PE-LiUPU
Normas de descripción rda
049 ## - FONDOS LOCALES (OCLC)
Biblioteca depositaria PRUA
050 ## - SIGNATURA TOPOGRÁFICA DE LA BIBLIOTECA DEL CONGRESO
Número de clasificación BX6146
Número de ítem .T33
082 04 - NÚMERO DE LA CLASIFICACIÓN DECIMAL DEWEY
Número de clasificación 286.7325
Cutter TCi
Número de edición 21
082 04 - NÚMERO DE LA CLASIFICACIÓN DECIMAL DEWEY
Número de clasificación 286.7325
Cutter TPIi
Número de edición 21
082 04 - NÚMERO DE LA CLASIFICACIÓN DECIMAL DEWEY
Número de clasificación W248.5
Cutter TCH V3
100 1# - ENTRADA PRINCIPAL--NOMBRE DE PERSONA
Nombre de persona White, Ellen Gould Harmon,
Fechas asociadas al nombre 1827-1915,
Término indicativo de función/relación autor.
245 10 - MENCIÓN DEL TÍTULO
Título Testimonies for the Church.
Número de parte o sección de la obra 3 /
Mención de responsabilidad, etc. Ellen G. White.
264 #1 - PRODUCCIÓN, PUBLICACIÓN, DISTRIBUCIÓN, FABRICACIÓN Y COPYRIGHT
Producción, publicación, distribución, fabricación y copyright Nampa, Idaho :
Nombre del de productor, editor, distribuidor, fabricante Pacific Press Publishing Association,
Fecha de producción, publicación, distribución, fabricación o copyright 1948.
300 ## - DESCRIPCIÓN FÍSICA
Extensión 627 páginas :
Otras características físicas 21 centimetros.
336 ## - TIPO DE CONTENIDO
Término de tipo de contenido text
Fuente rdacontent
337 ## - TIPO DE MEDIO
Nombre/término del tipo de medio unmediated
Fuente rdamedia
338 ## - TIPO DE SOPORTE
Nombre/término del tipo de soporte volume
Fuente rdacarrier
490 0# - MENCIÓN DE SERIE
Mención de serie Pacific press
500 ## - NOTA GENERAL
Nota general Otras ed.: 1928.
505 0# - NOTA DE CONTENIDO CON FORMATO
Nota de contenido con formato An appeal for burden bearers -- Unsanctified Ability -- Unbalanced minds -- Opposing Adventists -- Intimate friendship with worldlings -- The cause in New York.-Relatives in the church -- Laborers for god -- Experience not reliable -- Faithfulness in home duties -- Pride and vain thoughts -- The work ant battle creek -- Peculiar trials -- Parables ofn the lost -- The lost sheepáginas -The lost silver -- The prodigal son -- Labor among the churches -- The gospel sower -- The wheat and tares -- To wealthy parents -- Testimony 22 (1872) -- Poper education -- Close confinement at school.- The health reformm.- The health institute.The Laodiceam church -- The great rebellion -- Importance of the work.
526 ## - NOTA DE INFORMACIÓN SOBRE EL PROGRAMA DE ESTUDIO
Nombre del programa Segunda Especialidad En Profecías Bíblicas
526 ## - NOTA DE INFORMACIÓN SOBRE EL PROGRAMA DE ESTUDIO
Nombre del programa Segunda Especialidad En Nuevo Testamento
526 ## - NOTA DE INFORMACIÓN SOBRE EL PROGRAMA DE ESTUDIO
Nombre del programa Segunda Especialidad En Antiguo Testamento
526 ## - NOTA DE INFORMACIÓN SOBRE EL PROGRAMA DE ESTUDIO
Nombre del programa Segunda Especialidad En Estudios Adventistas
526 ## - NOTA DE INFORMACIÓN SOBRE EL PROGRAMA DE ESTUDIO
Nombre del programa Doctorado en teología
526 ## - NOTA DE INFORMACIÓN SOBRE EL PROGRAMA DE ESTUDIO
Nombre del programa Maestría en teología histórica
526 ## - NOTA DE INFORMACIÓN SOBRE EL PROGRAMA DE ESTUDIO
Nombre del programa Maestría en teología bíblica
526 ## - NOTA DE INFORMACIÓN SOBRE EL PROGRAMA DE ESTUDIO
Nombre del programa Maestría en teología
526 ## - NOTA DE INFORMACIÓN SOBRE EL PROGRAMA DE ESTUDIO
Nombre del programa Maestría en misionología
526 ## - NOTA DE INFORMACIÓN SOBRE EL PROGRAMA DE ESTUDIO
Nombre del programa Maestría en liderazgo eclesiástico
526 ## - NOTA DE INFORMACIÓN SOBRE EL PROGRAMA DE ESTUDIO
Nombre del programa Teología
596 ## -
-- 1 3 4
610 2# - PUNTO DE ACCESO ADICIONAL DE MATERIA--NOMBRE DE ENTIDAD CORPORATIVA
Nombre de entidad corporativa o nombre de jurisdicción como elemento de entrada IASD
Subdivisión general Doctrinas
610 2# - PUNTO DE ACCESO ADICIONAL DE MATERIA--NOMBRE DE ENTIDAD CORPORATIVA
Nombre de entidad corporativa o nombre de jurisdicción como elemento de entrada IASD
Subdivisión de forma Publicaciones.
910 ## - DATOS DE OPCIÓN DEL USUARIO (OCLC)
Datos de opción del usuario jck
-- jvq
-- jck
910 ## - DATOS DE OPCIÓN DEL USUARIO (OCLC)
Datos de opción del usuario jck
-- jvq
-- jck
-- 20170525
910 ## - DATOS DE OPCIÓN DEL USUARIO (OCLC)
-- tqv
-- welc
-- 20171207
942 ## - ELEMENTOS DE ENTRADA SECUNDARIOS (KOHA)
Fuente del sistema de clasificación o colocación Clasificación Decimal Dewey
Tipo de ítem Koha
949 ## - PROCESAMIENTO DE INFORMACIÓN LOCAL (OCLC)
a 286.7325 TCi 3
w DEWEY
c 1
i 26208
l CCODEBUL1
m BUL
p 00.00
r 0
s Y
t BOOK
u 19931013
x BIBLIOTECA
z UNKNOWN
0 COMPRA
o .STAFF. Colección General
949 ## - PROCESAMIENTO DE INFORMACIÓN LOCAL (OCLC)
a 286.7325 TCi 3
w DEWEY
c 2
i 33547
l CCODEBUL1
m BUL
p 00.00
r 0
s Y
t BOOK
u 19931013
x BIBLIOTECA
z UNKNOWN
0 COMPRA
o .STAFF. Colección General
949 ## - PROCESAMIENTO DE INFORMACIÓN LOCAL (OCLC)
a 286.7325 TCi 3
w DEWEY
c 3
i 33548
l CCODEBUL1
m BUL
p 00.00
r 0
s Y
t BOOK
u 19931013
x BIBLIOTECA
z UNKNOWN
0 COMPRA
o .STAFF. Colección General
949 ## - PROCESAMIENTO DE INFORMACIÓN LOCAL (OCLC)
a 286.7325 TCi 3
w DEWEY
c 4
i 35142
l CCODEBUL1
m BUL
p 00.00
r 0
s Y
t BOOK
u 19931013
x BIBLIOTECA
z UNKNOWN
0 COMPRA
o .STAFF. Colección General
949 ## - PROCESAMIENTO DE INFORMACIÓN LOCAL (OCLC)
a 286.7325 TCi 3
w DEWEY
c 5
i 50677
l CCODEBUL1
m BUL
p 00.00
r 0
s Y
t BOOK
u 19931013
x BIBLIOTECA
z UNKNOWN
0 COMPRA
o .STAFF. Colección General
949 ## - PROCESAMIENTO DE INFORMACIÓN LOCAL (OCLC)
a BX6146 .T31 V3
w DEWEY
c 6
i 58461
l CCODEBUL1
m BUL
p dollar15
r 0
s Y
t BOOK
u 20080626
x TEOLOGIA
-- P35
0 COMPRA
o .STAFF. Colección General
949 ## - PROCESAMIENTO DE INFORMACIÓN LOCAL (OCLC)
a 286.7325 TCi 3
w DEWEY
c 7
i 04930
l CCODEBUL1
m BUL
p 00.00
r 0
s Y
t BOOK
u 19931013
x BIBLIOTECA
z UNKNOWN
0 COMPRA
o .STAFF. Colección General
949 ## - PROCESAMIENTO DE INFORMACIÓN LOCAL (OCLC)
a 286.7325 TCi 3
w DEWEY
c 8
i 10367
l CCODEBUL1
m BUL
p 00.00
r 0
s Y
t BOOK
u 19931013
x BIBLIOTECA
z UNKNOWN
0 COMPRA
o .STAFF. Colección General
949 ## - PROCESAMIENTO DE INFORMACIÓN LOCAL (OCLC)
a W248.5 TCH V3 1948
w DEWEY
c 1
i FJ09427
l CCODECWJ1
m BUJ
p 15.00
r 0
s Y
t BOOK
u 2017-12-07
x BIBLIOTECA
z UNKNOWN
0 DONACION
o .STAFF. Colección General Juliaca
994 ## -
-- C0
-- PEPRU
999 ## - NÚMEROS DE CONTROL DE SISTEMA (KOHA)
-- DEWEY
-- 33548
-- ILL
-- BUL
-- 0
-- Y
-- BOOK
-- 2015-6-16
-- BIBLIOTECA
-- UNKNOWN
-- COMPRA
-- .STAFF. Colección General
999 ## - NÚMEROS DE CONTROL DE SISTEMA (KOHA)
-- DEWEY
-- 35142
-- 2019-12-11
-- 4
-- DISCARD
-- BUL
-- 1
-- Y
-- BOOK
-- 2015-6-16
-- TEOLOGIA
-- UNKNOWN
-- COMPRA
-- .STAFF. Colección General
999 ## - NÚMEROS DE CONTROL DE SISTEMA (KOHA)
-- DEWEY
-- 50677
-- 2021-11-12
-- 5
-- CCODEBUL1
-- BUL
-- 0
-- Y
-- BOOK
-- 2015-6-16
-- TEOLOGIA
-- UNKNOWN
-- COMPRA
-- .STAFF. Colección General
999 ## - NÚMEROS DE CONTROL DE SISTEMA (KOHA)
-- DEWEY
-- 04930
-- 2019-12-11
-- 4
-- DISCARD
-- BUL
-- 1
-- Y
-- BOOK
-- 2015-6-16
-- TEOLOGIA
-- UNKNOWN
-- COMPRA
-- .STAFF. Colección General
999 ## - NÚMEROS DE CONTROL DE SISTEMA (KOHA)
-- DEWEY
-- 10367
-- 2019-12-11
-- 4
-- DISCARD
-- BUL
-- 1
-- Y
-- BOOK
-- 2015-6-16
-- TEOLOGIA
-- UNKNOWN
-- COMPRA
-- .STAFF. Colección General
999 ## - NÚMEROS DE CONTROL DE SISTEMA (KOHA)
-- DEWEY
-- 08213
-- 2019-12-11
-- 4
-- DISCARD
-- BUL
-- 1
-- Y
-- BOOK
-- 2016-8-23
-- TEOLOGIA
-- P35
-- COMPRA
-- .STAFF. Colección Teología
999 ## - NÚMEROS DE CONTROL DE SISTEMA (KOHA)
-- DEWEY
-- 75895
-- 2019-12-11
-- 3
-- DISCARD
-- BUL
-- 15.00
-- 1
-- Y
-- BOOK
-- 2017-5-25
-- TEOLOGIA
-- P85
-- DONACION
-- .STAFF. Colección Teología
999 ## - NÚMEROS DE CONTROL DE SISTEMA (KOHA)
-- DEWEY
-- CW26208
-- 2021-12-21
-- 2
-- CCODECWL1
-- BWL
-- 30.00
-- 1
-- Y
-- BOOK
-- 2015-6-16
-- WHITE
-- UNKNOWN
-- COMPRA
-- .STAFF. Centro White
999 ## - NÚMEROS DE CONTROL DE SISTEMA (KOHA)
-- DEWEY
-- CW33547
-- 2021-12-21
-- 2
-- CCODECWL1
-- BWL
-- 30.00
-- 1
-- Y
-- BOOK
-- 2015-6-16
-- WHITE
-- UNKNOWN
-- COMPRA
-- .STAFF. Centro White
999 ## - NÚMEROS DE CONTROL DE SISTEMA (KOHA)
-- DEWEY
-- CW58461
-- 2021-12-21
-- 2
-- CCODECWL1
-- BWL
-- 20.00
-- 1
-- Y
-- BOOK
-- 2015-6-16
-- WHITE
-- UNKNOWN
-- COMPRA
-- .STAFF. Centro White
999 ## - NÚMEROS DE CONTROL DE SISTEMA (KOHA)
-- DEWEY
-- FJ09427
-- 2022-2-2
-- 4
-- CCODECWJ1
-- BUJ
-- 15.00
-- 0
-- Y
-- BOOK
-- 2017-12-7
-- BIBLIOTECA
-- UNKNOWN
-- DONACION
-- .STAFF. Colección General Juliaca
980 ## - EQUIVALENCIA O REFERENCIA-CRUZADA-MENCIÓN DE SERIE--NOMBRE DE PERSONA/TÍTULO [LOCAL, CANADÁ]
ID del último usuario que modificó el registro 1
Nombre del último usuario que modificó el registro ALBERTO SANCHEZ Responsable de Automatización
Existencias
Visto por última vez Número de inventario Total de préstamos Signatura topográfica completa Código de barras Copia número Coste, precio de reemplazo Fecha de reemplazo Facultad Tipo de ítem Koha Nota pública Estado de pérdida Fuente del sistema de clasificación o colocación Restricciones de uso No para préstamo Colección Programa académico Biblioteca de origen Biblioteca actual Ubicación en estantería Fecha de adquisición Fuente de adquisición Coste, precio normal de compra
2025-12-02 5   286.7325 TCI 3 50677 e5 35.00 2015-06-16   Libros físicos inventario-2023-12-13 No Perdido Clasificación Decimal Dewey No restringido Disponible para préstamos Colección General Teología Biblioteca CRAI UPeU Lima Biblioteca CRAI UPeU Lima Sala principal 2015-06-16 COMPRA 30.00